| 000 | 00000nam##2200000za#4500 |
| 001 | 9.581178 |
| 003 | CaOODSP |
| 005 | 20210624191408 |
| 007 | cr ||||||||||| |
| 008 | 150406|2004||||xxc|||||o f|0| 0 eng|d |
| 040 | |aCaOODSP|beng |
| 043 | |an-cn--- |
| 086 | 1 |aNH18-22/104-125E-PDF |
| 110 | 2 |aCanada Mortgage and Housing Corporation. |
| 245 | 10|aResidential sources of lead |h[electronic resource] |
| 250 | |aRevised 2006 |
| 260 | |aOttawa - Ontario : |bCanada Mortgage and Housing Corporation |cc2004, 2006. |
| 300 | |a4p. |
| 490 | 1 |aResearch highlight. Technical series |v04-125 |
| 500 | |aFile reproduced from original print. |
| 590 | |a14-20-Supp|b2014-11-25 |
| 775 | 08|tSources de plomb dans les maisons |w(CaOODSP)9.608025 |
| 776 | 0#|tResidential sources of lead |w(CaOODSP)9.617237 |
| 830 | #0|aResearch highlight. Technical series ;|v04-125|w(CaOODSP)9.504482 |
| 856 | 40|ahttp://publications.gc.ca|qPDF|s134 KB|uhttps://publications.gc.ca/collections/collection_2014/schl-cmhc/NH18-22-104-125-eng.pdf|y04-125 |